| 000 | 00786nam a2200229Ia 4500 | ||
|---|---|---|---|
| 005 | 20250622124037.0 | ||
| 008 | 250617s9999||||xx |||||||||||||| ||ara|| | ||
| 017 |
_a27119 _bمصر. دار الكتب |
||
| 020 | _a9789778711929 | ||
| 082 | 0 | 4 |
_a"070,44" _bس ت |
| 100 | 0 | _aسالى سعيد أنور | |
| 245 | 1 | 0 |
_aتجليات السيميائية فى حجية النصوص الكاريكاتيرية / _cسالى سعيد أنور |
| 250 | _aط1 | ||
| 260 | 3 |
_aالقاهرة : _b"دار العلا للنشر والتوزيع," _c2024. |
|
| 300 |
_a241ص؛ _b _c24سم. |
||
| 650 | _aالصحافة | ||
| 650 | _aالكاريكاتير | ||
| 650 | _aصور الأشخاص | ||
| 650 | _aكاركاتير وكارتون | ||
| 942 | _cBK | ||
| 999 |
_c67682 _d67682 |
||